Punt or shunt (Record no. 71574)

MARC details
000 -LEADER
fixed length control field 01102cam a2200229 4500
001 - CONTROL NUMBER
control field ABS66177
008 - FIXED-LENGTH DATA ELEMENTS--GENERAL INFORMATION
fixed length control field 021118n2002 000 0 eng u
035 ## - SYSTEM CONTROL NUMBER
System control number (Sirsi) u120485
100 ## - MAIN ENTRY--PERSONAL NAME
Personal name Coffer, A
245 ## - TITLE STATEMENT
Title Punt or shunt
260 ## - PUBLICATION, DISTRIBUTION, ETC.
Date of publication, distribution, etc. 2002
490 ## - SERIES STATEMENT
Series statement Estates Gazette
Volume/sequential designation (0244) 2 November 2002, 67-72(6)
520 ## - SUMMARY, ETC.
Summary, etc. Examines the shortlisting process to buy development sites of the former Railtrack plc. Explains that three developers are down to compete for the sites where potential profits are thought to add up to £300m. Some companies are not happy with the amount of information railtrack is giving about its finances but the company insists that it is normal not to volunteer information that might jeopardise the chances of getting the best price. Includes Railtrack Development Ltd's list of major sites and its estimates of their development profits.
590 ## - LOCAL NOTE (RLIN)
Local note ABS
650 ## - SUBJECT ADDED ENTRY--TOPICAL TERM
Topical term or geographic name entry element RAILTRACK DEVELOPMENT LTD
650 ## - SUBJECT ADDED ENTRY--TOPICAL TERM
Topical term or geographic name entry element RAILTRACK PLC
650 ## - SUBJECT ADDED ENTRY--TOPICAL TERM
Topical term or geographic name entry element NETWORK RAIL
650 ## - SUBJECT ADDED ENTRY--TOPICAL TERM
Topical term or geographic name entry element SELL OFF
650 ## - SUBJECT ADDED ENTRY--TOPICAL TERM
Topical term or geographic name entry element PROPERTY SALE
690 ## - LOCAL SUBJECT ADDED ENTRY--TOPICAL TERM (OCLC, RLIN)
Topical term or geographic name as entry element PROPERTY MANAGEMENT
9 (RLIN) 6262
942 ## - ADDED ENTRY ELEMENTS (KOHA)
Suppress in OPAC 0
Holdings
Withdrawn status Lost status Source of classification or shelving scheme Damaged status Not for loan Home library Current library Shelving location Date acquired Total Checkouts Full call number Barcode Date last seen Copy number Price effective from Koha item type
    Dewey Decimal Classification     London London Journal article 18/11/2002   ABS66177 120485-1001 06/08/2019 1 06/08/2019 Journal article